| 000 | 00636nam a22002297a 4500 | ||
|---|---|---|---|
| 003 | OSt | ||
| 005 | 20160421155618.0 | ||
| 008 | 160421b xxu||||| |||| 00| 0 eng d | ||
| 020 | _a0842308946 | ||
| 020 | _a9780842308946 | ||
| 040 | _aSEKU | ||
| 050 |
_aRJ 61 _b.R4 |
||
| 100 | _aReisser, Paul C | ||
| 245 |
_aThe first two years/ _cPaul C Reisser |
||
| 260 |
_aWheaton, Ill. : _bTyndale House Publishers, _c©1997. |
||
| 300 |
_axvi, 220 pages : _b illustrations ; _c 24 cm. |
||
| 500 | _aIncludes index | ||
| 650 | _aPediatrics -- Popular works. | ||
| 650 | _aChild care. | ||
| 650 | _aChild development. | ||
| 942 |
_2lcc _cGEN |
||
| 999 |
_c12964 _d12964 |
||